Statistiques concernant Toutes les villes dans Pokémon

Cliquez ici pour prendre le quiz!

Statistiques générales

  • Ce quiz a été pris 3 773 fois
    (364 depuis la dernière actualisation)
  • Le résultat moyen est 44 sur 122

Statistiques - réponses

RégionsRéponse% Correct
KantoBourg Palette
93%
KantoAzuria
71%
KantoArgenta
69%
KantoLavanville
69%
KantoSafrania
69%
JohtoBourg Geon
67%
KantoJadielle
67%
KantoCéladopole
65%
JohtoDoublonville
63%
KantoCarmin sur Mer
61%
KalosIllumis
61%
SinnohFéli-Cité
60%
KantoCramois'Île
59%
UnysVolucité
59%
SinnohFrimapic
58%
HoennBourg-en-Vol
57%
SinnohCharbourg
56%
HoennLavandia
55%
KantoParmanie
55%
HoennAtalanopolis
53%
UnysMéanville
52%
UnysPort Yoneuve
52%
SinnohRivamar
51%
SinnohVoilaroc
50%
HoennCimetronelle
49%
JohtoMauville
49%
SinnohUnionpolis
49%
SinnohCélestia
47%
HoennMérouville
47%
HoennNénucrique
47%
JohtoOliville
47%
JohtoRosalia
47%
SinnohVerchamps
47%
SinnohVestigion
47%
JohtoEcorcia
46%
UnysJanusia
46%
JohtoAcajou
45%
HoennAlgatia
45%
SinnohFloraville
45%
JohtoIrisia
45%
HoennPoivressel
45%
HoennClémenti-Ville
44%
HoennMyokara
44%
SinnohBonville
42%
JohtoEbènelle
42%
SinnohJoliberges
42%
UnysVille Noire
42%
KalosBourg Croquis
41%
HoennEternara
41%
SinnohBonaugure
40%
UnysMaillard
40%
JohtoVille Griotte
40%
SinnohAire de Combat
39%
UnysForêt Blanche
39%
SinnohLittorella
39%
HoennVergazon
39%
HoennVermilava
39%
HoennAutéquia
38%
UnysFlocombe
38%
UnysRenouet
38%
HoennRosyères
37%
UnysVaguelone
37%
KalosYantreizh
37%
UnysOgoesse
36%
HoennPacifiville
36%
UnysParsemille
35%
UnysArabelle
34%
KalosAuffrac-les-Congères
34%
SinnohAire de Détente
33%
UnysOndes-sur-Mer
33%
SinnohAire de Survie
32%
KalosRomant-sous-Bois
32%
KalosCromlac'h
31%
UnysPapeloa
31%
KalosPort Tempères
31%
KalosRelifac-le-Haut
31%
UnysPavonnay
30%
KalosFlusselles
29%
AlolaEkaeka
28%
KalosRoche-sur-Gliffe
28%
UnysArpentières
27%
KalosFort-Vanitas
27%
KalosNeuvartault
27%
UnysEntrelasque
26%
KalosMozheim
26%
KalosQuarellis
26%
UnysRotombourg
26%
UnysAmaillide
25%
KalosLa Frescale
25%
Motorby
23%
Winscor
23%
KalosBatisques
21%
AlolaMalié
21%
Kickenham
20%
AlolaVillage Flottant
20%
AlolaKonikoni
19%
Mesaledo
19%
Old Chister
17%
Paddoxton
17%
Corrifey
16%
Greenbury
16%
AlolaLili'i
16%
Skifford
16%
AlolaVillage Toko
16%
Brasswick
15%
AlolaKokohio
15%
Levalendura
15%
Ludester
15%
AlolaHo'ohale
14%
Jarramanca
13%
AlolaOhana
13%
Smashings
13%
Cuencia
12%
Mezclamora
12%
Cuchalaga
11%
Frigao
10%
Plato Real
10%
Porto Marinada
10%
Alforneira
9%
Sevaro
9%
Jaderaude
7%
Pinchoria
7%

Distribution des résultats

Percentile par nombre de réponses

% des personnes avec chaque résultat

Votre développement - résultats

Vous n’avez pas pris ce quiz depuis la dernière actualisation